000 01511nam a22002537a 4500
999 _c5528
_d5528
003 OSt
005 20250926091552.0
008 250926b ||||| |||| 00| 0 eng d
020 _a9787561960134
040 _cKH8
082 _a495 MA
100 _aMa, Yamin,
_eauthor.
245 _aEasy Steps to Chinese :
_bWorkbook 4 /
_cYamin Ma and Xinying Li.
260 _aChina ;
_bBeijing Language and Culture University Press ,
_c2022.
300 _a154 pages :
_billustrations ;
_c28 cm.
490 _aEasy Steps to Chinese
_vworkbook 4
520 _aThe 2nd edition of Easy Steps to Chinese is especially de-signed for non-Chinese background students, who are learning Chinese as a second/foreign language. The series can be used by secondary school students as well as fifth and sixth graders in primary schools. This series will help students establish a solid foundation of Chinese in terms of characters, words, sentences and grammar through natural and gradual integration of language, themes and culture. The simultaneous development of listening, speak-ing, reading and writing is especially emphasized. The ultimate aim is to help students develop communication skills in Chinese in real-life situations and express their viewpoints appropriately, precisely, logically and coherently.
650 _aForeign language
_vMandarin
650 _aPractice book
_vworkbook
650 _aBeginner
_vMandarin workbook
700 _aLi, Xinying,
_eauthor.
830 _aEasy Steps to Chinese
942 _2ddc
_cTR